[Event "Turniej Przyjazni Polsko-Wegierskiej"]
[Site "Katowice"]
[Date "2018.05.05"]
[Round "4.13"]
[White "Klekowski, Maciej"]
[Black "Acs, Gabor"]
[Result "1-0"]
[BlackElo "2012"]
[WhiteElo "2536"]
[LiveChessVersion "1.4.8"]

1. c4 {[%clk 0:14:42]} c5 {[%clk 0:15:19]} 2. g3 {[%clk 0:14:35]} g6
{[%clk 0:15:27]} 3. Bg2 {[%clk 0:14:43]} Bg7 {[%clk 0:15:35]} 4. Nc3
{[%clk 0:14:48]} Nc6 {[%clk 0:15:43]} 5. Nh3 {[%clk 0:14:55]} e6 {[%clk 0:15:30]}
6. Nf4 {[%clk 0:15:03]} Nge7 {[%clk 0:15:35]} 7. d3 {[%clk 0:15:02]} O-O
{[%clk 0:15:39]} 8. h4 {[%clk 0:14:45]} b6 {[%clk 0:15:31]} 9. h5
{[%clk 0:14:19]} Bb7 {[%clk 0:15:21]} 10. hxg6 {[%clk 0:14:06]} fxg6
{[%clk 0:15:28]} 11. Ne4 {[%clk 0:12:57]} Qc7 {[%clk 0:15:02]} 12. Ng5
{[%clk 0:13:00]} h6 {[%clk 0:14:42]} 13. Ngxe6 {[%clk 0:13:04]} dxe6
{[%clk 0:14:49]} 14. Nxe6 {[%clk 0:13:13]} Qe5 {[%clk 0:14:44]} 15. Nxg7
{[%clk 0:13:19]} Qxg7 {[%clk 0:13:35]} 16. Bxh6 {[%clk 0:13:18]} Qxb2
{[%clk 0:13:35]} 17. Bxf8 {[%clk 0:11:23]} Qc3+ {[%clk 0:13:43]} 18. Kf1
{[%clk 0:11:31]} Rxf8 {[%clk 0:13:50]} 19. Kg1 {[%clk 0:10:43]} Qf6
{[%clk 0:13:33]} 20. Qf1 {[%clk 0:10:20]} Bc8 {[%clk 0:13:01]} 21. e3
{[%clk 0:05:13]} Ne5 {[%clk 0:13:00]} 22. Re1 {[%clk 0:02:36]} Rd8
{[%clk 0:12:19]} 23. f4 {[%clk 0:02:32]} Nxd3 {[%clk 0:10:55]} 24. Rd1
{[%clk 0:02:40]} Bf5 {[%clk 0:09:46]} 25. g4 {[%clk 0:02:08]} Qe6
{[%clk 0:08:41]} 26. gxf5 {[%clk 0:02:10]} Qxe3+ {[%clk 0:08:49]} 27. Kh2
{[%clk 0:02:19]} Kg7 {[%clk 0:08:37]} 28. Bh3 {[%clk 0:01:33]} Nxf5
{[%clk 0:05:33]} 29. Rg1 {[%clk 0:00:57]} Kf7 {[%clk 0:03:41]} 30. Rg5
{[%clk 0:00:40]} Kf6 {[%clk 0:02:03]} 31. Bxf5 {[%clk 0:00:38]} gxf5
{[%clk 0:02:10]} 32. Rh5 {[%clk 0:00:47]} Nf2 {[%clk 0:01:12]} 33. Rxd8
{[%clk 0:00:37]} Qxf4+ {[%clk 0:01:20]} 34. Kg2 {[%clk 0:00:42]} Qg4+
{[%clk 0:01:21]} 35. Kxf2 {[%clk 0:00:50]} Qxh5 {[%clk 0:01:24]} 36. Qd3
{[%clk 0:00:43]} Qh2+ {[%clk 0:01:30]} 37. Ke1 {[%clk 0:00:52]} Qe5+
{[%clk 0:01:33]} 38. Kd2 {[%clk 0:00:51]} Qb2+ {[%clk 0:01:20]} 39. Qc2
{[%clk 0:01:00]} Qe5 {[%clk 0:01:22]} 40. Qc3 1-0

[Event "Turniej Przyjazni Polsko-Wegierskiej"]
[Site "Katowice"]
[Date "2018.05.05"]
[Round "4.14"]
[White "Gubay, Nikolay"]
[Black "Kazakov, Mikhail"]
[Result "0-1"]
[BlackElo "2382"]
[WhiteElo "2175"]
[LiveChessVersion "1.4.8"]

1. c4 {[%clk 0:15:17]} e5 {[%clk 0:14:44]} 2. Nc3 {[%clk 0:15:13]} Nc6
{[%clk 0:14:20]} 3. g3 {[%clk 0:15:19]} Bc5 {[%clk 0:14:01]} 4. Bg2
{[%clk 0:15:02]} d6 {[%clk 0:14:09]} 5. e3 {[%clk 0:15:05]} a6 {[%clk 0:14:01]}
6. Nge2 {[%clk 0:15:07]} Ba7 {[%clk 0:14:06]} 7. O-O {[%clk 0:15:06]} h5
{[%clk 0:14:13]} 8. d4 {[%clk 0:14:10]} h4 {[%clk 0:14:05]} 9. Bxc6+
{[%clk 0:13:43]} bxc6 {[%clk 0:14:09]} 10. dxe5 {[%clk 0:13:48]} hxg3
{[%clk 0:14:10]} 11. hxg3 {[%clk 0:13:29]} Bh3 {[%clk 0:12:31]} 12. Re1
{[%clk 0:13:17]} Bg4 {[%clk 0:11:44]} 13. Kg2 {[%clk 0:11:49]} Qd7
{[%clk 0:08:44]} 14. Rh1 {[%clk 0:10:54]} Rxh1 {[%clk 0:08:50]} 15. Qxh1
{[%clk 0:10:35]} dxe5 {[%clk 0:08:28]} 16. Qh4 {[%clk 0:09:22]} Qf5
{[%clk 0:06:54]} 17. Ng1 {[%clk 0:09:11]} e4 {[%clk 0:06:59]} 18. b3
{[%clk 0:07:20]} g5 {[%clk 0:06:40]} 19. Qh8 {[%clk 0:05:03]} O-O-O
{[%clk 0:06:42]} 20. Nce2 {[%clk 0:03:35]} Bxe2 {[%clk 0:06:12]} 21. Nxe2
{[%clk 0:01:34]} Qf3+ {[%clk 0:06:07]} 22. Kh2 {[%clk 0:01:42]} Qxf2+
{[%clk 0:05:58]} 23. Kh3 {[%clk 0:01:51]} g4+ {[%clk 0:05:49]} 24. Kxg4
{[%clk 0:01:50]} Nf6+ {[%clk 0:05:42]} 25. Qxf6 {[%clk 0:01:57]} Qxf6
{[%clk 0:05:48]} 0-1

[Event "Turniej Przyjazni Polsko-Wegierskiej"]
[Site "Katowice"]
[Date "2018.05.05"]
[Round "4.15"]
[White "Antolak, Julia"]
[Black "Socko, Monika"]
[Result "1/2-1/2"]
[BlackElo "2360"]
[WhiteElo "2085"]
[LiveChessVersion "1.4.8"]

1. e4 {[%clk 0:15:18]} c6 {[%clk 0:13:39]} 2. d4 {[%clk 0:15:24]} d5
{[%clk 0:13:48]} 3. Nc3 {[%clk 0:15:32]} dxe4 {[%clk 0:13:57]} 4. Nxe4
{[%clk 0:15:40]} Bf5 {[%clk 0:14:05]} 5. Ng3 {[%clk 0:15:49]} Bg6
{[%clk 0:14:14]} 6. h4 {[%clk 0:15:58]} h6 {[%clk 0:14:23]} 7. Nf3
{[%clk 0:16:06]} e6 {[%clk 0:14:32]} 8. h5 {[%clk 0:16:10]} Bh7 {[%clk 0:14:42]}
9. Bd3 {[%clk 0:16:18]} Bxd3 {[%clk 0:14:50]} 10. Qxd3 {[%clk 0:16:27]} Nf6
{[%clk 0:14:58]} 11. Bd2 {[%clk 0:16:35]} c5 {[%clk 0:15:07]} 12. Ne4
{[%clk 0:16:34]} Nxe4 {[%clk 0:14:30]} 13. Qxe4 {[%clk 0:16:42]} Nc6
{[%clk 0:14:38]} 14. Bc3 {[%clk 0:16:28]} cxd4 {[%clk 0:12:20]} 15. O-O-O
{[%clk 0:12:11]} Bc5 {[%clk 0:12:21]} 16. Nxd4 {[%clk 0:11:49]} Bxd4
{[%clk 0:11:52]} 17. Bxd4 {[%clk 0:11:55]} Nxd4 {[%clk 0:12:01]} 18. Rxd4
{[%clk 0:11:17]} Qb6 {[%clk 0:11:22]} 19. Rhd1 {[%clk 0:09:59]} O-O
{[%clk 0:11:16]} 20. g4 {[%clk 0:09:26]} Rac8 {[%clk 0:11:10]} 21. f4
{[%clk 0:08:22]} Rc5 {[%clk 0:11:04]} 22. Kb1 {[%clk 0:06:48]} Rfc8
{[%clk 0:08:14]} 23. Rb4 {[%clk 0:03:54]} Rb5 {[%clk 0:05:05]} 24. Rxb5
{[%clk 0:04:02]} Qxb5 {[%clk 0:05:13]} 25. b3 {[%clk 0:03:59]} b6
{[%clk 0:04:53]} 26. Qb7 {[%clk 0:03:28]} Qc5 {[%clk 0:05:02]} 27. Qg2
{[%clk 0:03:17]} Qc7 {[%clk 0:04:23]} 28. Qe4 {[%clk 0:03:13]} Qe7
{[%clk 0:04:16]} 29. Rg1 {[%clk 0:02:09]} Rd8 {[%clk 0:03:46]} 30. g5
{[%clk 0:01:50]} Qc5 {[%clk 0:03:55]} 31. Qg2 {[%clk 0:01:41]} hxg5
{[%clk 0:03:43]} 32. fxg5 {[%clk 0:01:49]} Qe5 {[%clk 0:03:12]} 33. g6
{[%clk 0:01:39]} Qxh5 {[%clk 0:02:55]} 34. gxf7+ {[%clk 0:00:34]} Qxf7
{[%clk 0:03:04]} 35. Qg4 {[%clk 0:00:34]} Rd7 {[%clk 0:03:05]} 36. Re1
{[%clk 0:00:40]} Re7 {[%clk 0:02:57]} 37. Qh3 {[%clk 0:00:31]} g6
{[%clk 0:02:33]} 38. Rh1 {[%clk 0:00:30]} Qf6 {[%clk 0:02:40]} 39. Rg1
{[%clk 0:00:32]} e5 {[%clk 0:02:16]} 40. Qc8+ {[%clk 0:00:34]} Kg7
{[%clk 0:01:27]} 41. Rh1 {[%clk 0:00:43]} e4 {[%clk 0:00:46]} 42. Qh8+
{[%clk 0:00:33]} Kf7 {[%clk 0:00:55]} 43. Rh7+ {[%clk 0:00:36]} Ke6
{[%clk 0:01:05]} 44. Qc8+ {[%clk 0:00:45]} Kd6 {[%clk 0:00:47]} 45. Qd8+
{[%clk 0:00:45]} Ke6 {[%clk 0:00:57]} 46. Qc8+ {[%clk 0:00:54]} Ke5
{[%clk 0:00:50]} 47. Qc3+ {[%clk 0:01:02]} Kf5 {[%clk 0:00:56]} 48. Qh3+
{[%clk 0:01:11]} Ke5 {[%clk 0:01:05]} 49. Qc3+ {[%clk 0:01:20]} Kf5 1/2-1/2

[Event "Turniej Przyjazni Polsko-Wegierskiej"]
[Site "Katowice"]
[Date "2018.05.05"]
[Round "4.16"]
[White "Zgadzaj, Rafal"]
[Black "Bednarek, Sylwester"]
[Result "1-0"]
[BlackElo "2343"]
[WhiteElo "2076"]
[LiveChessVersion "1.4.8"]

1. c4 {[%clk 0:15:17]} Nf6 {[%clk 0:14:27]} 2. g3 {[%clk 0:15:23]} g6
{[%clk 0:14:34]} 3. b3 {[%clk 0:15:31]} Bg7 {[%clk 0:14:42]} 4. Bb2
{[%clk 0:15:39]} O-O {[%clk 0:14:50]} 5. Bg2 {[%clk 0:15:47]} d6 {[%clk 0:14:59]}
6. d4 {[%clk 0:15:54]} e5 {[%clk 0:14:52]} 7. dxe5 {[%clk 0:15:58]} Ng4
{[%clk 0:14:49]} 8. Nc3 {[%clk 0:14:46]} dxe5 {[%clk 0:13:33]} 9. h3
{[%clk 0:13:28]} Nh6 {[%clk 0:13:41]} 10. Qxd8 {[%clk 0:09:52]} Rxd8
{[%clk 0:13:49]} 11. Nd5 {[%clk 0:10:01]} Rd7 {[%clk 0:13:57]} 12. O-O-O
{[%clk 0:09:28]} Nf5 {[%clk 0:10:10]} 13. g4 {[%clk 0:07:05]} Nh4
{[%clk 0:10:18]} 14. Be4 {[%clk 0:07:10]} f5 {[%clk 0:10:21]} 15. Bc2
{[%clk 0:06:31]} Na6 {[%clk 0:09:20]} 16. Ba3 {[%clk 0:04:34]} c6
{[%clk 0:08:39]} 17. Ne7+ {[%clk 0:04:29]} Kf7 {[%clk 0:08:48]} 18. Nxc8
{[%clk 0:04:17]} Rxd1+ {[%clk 0:08:56]} 19. Kxd1 {[%clk 0:04:03]} Rxc8
{[%clk 0:09:04]} 20. Nf3 {[%clk 0:03:38]} Rd8+ {[%clk 0:08:59]} 21. Kc1
{[%clk 0:03:00]} Nxf3 {[%clk 0:08:30]} 22. exf3 {[%clk 0:03:09]} Bh6+
{[%clk 0:08:39]} 23. Kb1 {[%clk 0:03:16]} Ke6 {[%clk 0:08:39]} 24. h4
{[%clk 0:02:52]} Bf8 {[%clk 0:07:25]} 25. Bxf8 {[%clk 0:01:27]} Rxf8
{[%clk 0:07:34]} 26. gxf5+ {[%clk 0:01:36]} gxf5 {[%clk 0:07:42]} 27. Rg1
{[%clk 0:01:45]} Kf6 {[%clk 0:07:14]} 28. Rg5 {[%clk 0:01:49]} Ke6
{[%clk 0:07:11]} 29. Rg7 {[%clk 0:01:50]} Nc5 {[%clk 0:07:11]} 30. b4
{[%clk 0:01:42]} Nd7 {[%clk 0:07:11]} 31. Rxh7 {[%clk 0:01:41]} c5
{[%clk 0:07:05]} 32. Ba4 {[%clk 0:01:33]} Nf6 {[%clk 0:06:16]} 33. Rxb7
{[%clk 0:01:39]} cxb4 {[%clk 0:06:24]} 34. c5 {[%clk 0:00:53]} Kd5
{[%clk 0:06:19]} 35. c6 {[%clk 0:00:52]} Kd6 {[%clk 0:06:11]} 36. Rxa7
{[%clk 0:00:50]} Rh8 {[%clk 0:06:04]} 37. Rf7 {[%clk 0:00:46]} Nd5
{[%clk 0:06:09]} 38. Rd7+ {[%clk 0:00:40]} Kc5 {[%clk 0:06:14]} 39. Kb2
{[%clk 0:00:20]} Nb6 {[%clk 0:04:59]} 40. Ra7 {[%clk 0:00:29]} Rxh4
{[%clk 0:04:53]} 41. c7 {[%clk 0:00:31]} Kd6 {[%clk 0:04:24]} 42. Bb3
{[%clk 0:00:35]} Rh2 {[%clk 0:04:16]} 43. Rb7 {[%clk 0:00:25]} Rxf2+
{[%clk 0:04:23]} 44. Kc1 {[%clk 0:00:28]} Nc8 {[%clk 0:04:32]} 45. Rxb4
{[%clk 0:00:16]} Rxf3 {[%clk 0:04:19]} 46. Rc4 {[%clk 0:00:14]} e4
{[%clk 0:04:19]} 47. Kd2 {[%clk 0:00:14]} Rg3 {[%clk 0:04:19]} 48. Bc2
{[%clk 0:00:13]} Kd5 {[%clk 0:04:03]} 49. Bb3 {[%clk 0:00:22]} Ke5
{[%clk 0:04:11]} 50. Rb4 {[%clk 0:00:27]} Rg7 {[%clk 0:04:17]} 51. Rb5+
{[%clk 0:00:18]} Kd4 {[%clk 0:04:00]} 52. Rd5# {[%clk 0:00:27]} 1-0

[Event "Turniej Przyjazni Polsko-Wegierskiej"]
[Site "Katowice"]
[Date "2018.05.05"]
[Round "4.17"]
[White "Koziol, Kamil"]
[Black "Lewtak, Damian"]
[Result "1/2-1/2"]
[BlackElo "2285"]
[WhiteElo "2063"]
[LiveChessVersion "1.4.8"]

1. e4 {[%clk 0:15:18]} e6 {[%clk 0:15:07]} 2. d4 {[%clk 0:15:16]} d5
{[%clk 0:15:15]} 3. Nc3 {[%clk 0:15:24]} dxe4 {[%clk 0:15:21]} 4. Nxe4
{[%clk 0:15:32]} Nd7 {[%clk 0:15:29]} 5. Nf3 {[%clk 0:15:13]} Ngf6
{[%clk 0:15:36]} 6. Bg5 {[%clk 0:15:10]} Be7 {[%clk 0:15:08]} 7. Nxf6+
{[%clk 0:14:59]} Bxf6 {[%clk 0:15:11]} 8. Bxf6 {[%clk 0:14:53]} Qxf6
{[%clk 0:15:18]} 9. c3 {[%clk 0:12:10]} O-O {[%clk 0:15:15]} 10. Bd3
{[%clk 0:11:58]} e5 {[%clk 0:14:46]} 11. dxe5 {[%clk 0:09:24]} Nxe5
{[%clk 0:14:49]} 12. Nxe5 {[%clk 0:09:18]} Qxe5+ {[%clk 0:14:56]} 13. Qe2
{[%clk 0:09:26]} Qxe2+ {[%clk 0:14:59]} 14. Bxe2 {[%clk 0:09:04]} Re8
{[%clk 0:14:55]} 15. f3 {[%clk 0:09:06]} Be6 {[%clk 0:14:52]} 16. Kf2
{[%clk 0:09:10]} Rad8 {[%clk 0:14:32]} 17. Rhd1 {[%clk 0:09:06]} Kf8
{[%clk 0:14:15]} 18. f4 {[%clk 0:08:09]} Rxd1 {[%clk 0:12:50]} 19. Rxd1
{[%clk 0:06:08]} Ke7 {[%clk 0:12:58]} 20. b3 {[%clk 0:04:50]} a5 {[%clk 0:12:18]}
21. Bd3 {[%clk 0:04:04]} Rd8 {[%clk 0:11:07]} 22. Bc2 {[%clk 0:03:35]} Rxd1
{[%clk 0:10:56]} 23. Bxd1 {[%clk 0:03:43]} a4 {[%clk 0:10:49]} 24. Bc2
{[%clk 0:03:26]} h6 {[%clk 0:09:24]} 25. Ke3 {[%clk 0:03:32]} Kd6
{[%clk 0:09:17]} 26. g3 {[%clk 0:03:19]} a3 {[%clk 0:08:04]} 27. Kd4
{[%clk 0:02:40]} c5+ {[%clk 0:07:47]} 28. Ke3 {[%clk 0:02:48]} b5
{[%clk 0:05:20]} 29. Kf3 {[%clk 0:02:56]} f6 {[%clk 0:03:41]} 30. Ke3
{[%clk 0:03:01]} g5 {[%clk 0:03:41]} 31. Kf3 {[%clk 0:02:43]} b4 {[%clk 0:01:30]}
32. c4 {[%clk 0:02:45]} h5 {[%clk 0:00:32]} 33. h4 {[%clk 0:01:25]} Bg4+
{[%clk 0:00:31]} 34. Ke3 {[%clk 0:01:32]} gxh4 {[%clk 0:00:36]} 35. gxh4
{[%clk 0:01:41]} Ke6 {[%clk 0:00:43]} 36. Kf2 {[%clk 0:01:44]} Kd6
{[%clk 0:00:33]} 37. Ke3 {[%clk 0:01:53]} Ke7 {[%clk 0:00:36]} 38. Kf2
{[%clk 0:01:59]} f5 {[%clk 0:00:26]} 1/2-1/2

[Event "Turniej Przyjazni Polsko-Wegierskiej"]
[Site "Katowice"]
[Date "2018.05.05"]
[Round "4.18"]
[White "Tworzydlo, Piotr"]
[Black "Kokoszczynski, Jan"]
[Result "1-0"]
[BlackElo "2004"]
[WhiteElo "2196"]
[LiveChessVersion "1.4.8"]

1. Nf3 {[%clk 0:15:16]} Nf6 {[%clk 0:15:19]} 2. c4 {[%clk 0:15:22]} e6
{[%clk 0:15:12]} 3. g3 {[%clk 0:15:12]} b6 {[%clk 0:15:18]} 4. Bg2
{[%clk 0:15:18]} Bb7 {[%clk 0:15:27]} 5. O-O {[%clk 0:15:11]} Be7
{[%clk 0:15:32]} 6. b3 {[%clk 0:15:12]} O-O {[%clk 0:15:39]} 7. Bb2
{[%clk 0:15:20]} d6 {[%clk 0:15:42]} 8. d3 {[%clk 0:15:14]} Nbd7 {[%clk 0:15:49]}
9. Nc3 {[%clk 0:15:03]} c5 {[%clk 0:15:46]} 10. e4 {[%clk 0:14:46]} a6
{[%clk 0:15:20]} 11. Re1 {[%clk 0:14:29]} Qc7 {[%clk 0:15:18]} 12. Rc1
{[%clk 0:14:09]} Rfe8 {[%clk 0:15:21]} 13. d4 {[%clk 0:14:01]} cxd4
{[%clk 0:15:29]} 14. Nxd4 {[%clk 0:14:06]} Rac8 {[%clk 0:15:28]} 15. Qd2
{[%clk 0:12:28]} Qb8 {[%clk 0:15:29]} 16. h3 {[%clk 0:12:02]} Qa8
{[%clk 0:12:12]} 17. Re3 {[%clk 0:11:28]} Bf8 {[%clk 0:11:06]} 18. Rce1
{[%clk 0:11:12]} g6 {[%clk 0:11:14]} 19. R3e2 {[%clk 0:10:10]} Bg7
{[%clk 0:10:46]} 20. Nc2 {[%clk 0:09:13]} Qb8 {[%clk 0:04:04]} 21. g4
{[%clk 0:07:47]} Red8 {[%clk 0:02:22]} 22. g5 {[%clk 0:06:31]} Nh5
{[%clk 0:02:28]} 23. Bf3 {[%clk 0:04:26]} Ne5 {[%clk 0:02:37]} 24. Bxh5
{[%clk 0:04:17]} gxh5 {[%clk 0:02:46]} 25. Nd4 {[%clk 0:04:13]} Ng6
{[%clk 0:02:35]} 26. f4 {[%clk 0:02:11]} d5 {[%clk 0:01:19]} 27. cxd5
{[%clk 0:01:26]} Nxf4 {[%clk 0:01:20]} 28. Re3 {[%clk 0:01:24]} Qe5
{[%clk 0:00:41]} 29. Nd1 {[%clk 0:00:55]} Qxg5+ {[%clk 0:00:29]} 30. Kh1
{[%clk 0:00:53]} Kh8 {[%clk 0:00:20]} 31. Rg1 {[%clk 0:00:56]} Qh4
{[%clk 0:00:21]} 32. Rxg7 {[%clk 0:00:28]} Nxh3 {[%clk 0:00:29]} 33. Nf3
{[%clk 0:00:30]} Nf2+ {[%clk 0:00:32]} 34. Kg2 {[%clk 0:00:39]} f6
{[%clk 0:00:25]} 35. Nxh4 {[%clk 0:00:46]} 1-0

[Event "Turniej Przyjazni Polsko-Wegierskiej"]
[Site "Katowice"]
[Date "2018.05.05"]
[Round "4.19"]
[White "Dors, Ryszard"]
[Black "Samborski, Henryk"]
[Result "1-0"]
[BlackElo "1976"]
[WhiteElo "2188"]
[LiveChessVersion "1.4.8"]

1. Nf3 {[%clk 0:15:18]} Nf6 {[%clk 0:15:13]} 2. c4 {[%clk 0:15:26]} e6
{[%clk 0:15:16]} 3. g3 {[%clk 0:15:33]} b6 {[%clk 0:15:08]} 4. Bg2
{[%clk 0:15:42]} Bb7 {[%clk 0:15:16]} 5. O-O {[%clk 0:15:48]} Be7
{[%clk 0:15:07]} 6. Nc3 {[%clk 0:15:54]} O-O {[%clk 0:14:57]} 7. b3
{[%clk 0:15:58]} d5 {[%clk 0:12:55]} 8. e3 {[%clk 0:15:54]} dxc4 {[%clk 0:12:09]}
9. bxc4 {[%clk 0:16:02]} Ne4 {[%clk 0:11:34]} 10. Bb2 {[%clk 0:14:19]} Bf6
{[%clk 0:11:14]} 11. Qc2 {[%clk 0:13:54]} Nxc3 {[%clk 0:11:05]} 12. Bxc3
{[%clk 0:13:57]} Bxc3 {[%clk 0:09:17]} 13. Qxc3 {[%clk 0:13:52]} Nd7
{[%clk 0:09:23]} 14. Rfd1 {[%clk 0:11:58]} Qf6 {[%clk 0:08:50]} 15. Qxf6
{[%clk 0:11:09]} Nxf6 {[%clk 0:08:56]} 16. d4 {[%clk 0:11:08]} Rac8
{[%clk 0:08:42]} 17. Ne5 {[%clk 0:10:35]} Bxg2 {[%clk 0:08:48]} 18. Kxg2
{[%clk 0:10:43]} c5 {[%clk 0:08:16]} 19. dxc5 {[%clk 0:07:11]} Rxc5
{[%clk 0:08:21]} 20. Nd7 {[%clk 0:07:19]} Nxd7 {[%clk 0:07:32]} 21. Rxd7
{[%clk 0:07:28]} Ra5 {[%clk 0:07:23]} 22. a4 {[%clk 0:05:34]} g6 {[%clk 0:07:16]}
23. Rc7 {[%clk 0:04:31]} Rd8 {[%clk 0:07:04]} 24. Ra2 {[%clk 0:03:57]} h5
{[%clk 0:06:02]} 25. Kf3 {[%clk 0:03:22]} Kg7 {[%clk 0:04:37]} 26. Ke4
{[%clk 0:01:59]} Kf6 {[%clk 0:03:53]} 27. h3 {[%clk 0:01:41]} Rd6
{[%clk 0:03:31]} 28. f4 {[%clk 0:01:22]} e5 {[%clk 0:02:59]} 29. Rf2
{[%clk 0:01:19]} Ke6 {[%clk 0:03:05]} 30. f5+ {[%clk 0:01:18]} gxf5+
{[%clk 0:02:53]} 31. Rxf5 {[%clk 0:01:26]} Rxa4 {[%clk 0:02:47]} 32. Rxe5+
{[%clk 0:01:19]} Kf6 {[%clk 0:02:55]} 33. Rxh5 {[%clk 0:01:11]} Re6+
{[%clk 0:02:11]} 34. Kf4 {[%clk 0:00:58]} Kg7 {[%clk 0:00:56]} 35. Rg5+
{[%clk 0:00:50]} Rg6 {[%clk 0:00:51]} 36. Rxg6+ {[%clk 0:00:42]} Kxg6
{[%clk 0:00:59]} 37. e4 {[%clk 0:00:40]} f6 {[%clk 0:00:55]} 38. h4
{[%clk 0:00:38]} Ra1 {[%clk 0:00:50]} 39. Kg4 {[%clk 0:00:33]} Re1
{[%clk 0:00:43]} 40. Re7 {[%clk 0:00:32]} a5 {[%clk 0:00:46]} 41. h5+
{[%clk 0:00:33]} Kh6 {[%clk 0:00:54]} 42. Re6 {[%clk 0:00:32]} Kg7
{[%clk 0:01:01]} 43. Kf3 {[%clk 0:00:28]} Rb1 {[%clk 0:01:02]} 44. h6+
{[%clk 0:00:19]} Kxh6 {[%clk 0:01:07]} 45. Rxf6+ {[%clk 0:00:28]} Kg5
{[%clk 0:01:01]} 46. Rf5+ {[%clk 0:00:26]} Kg6 {[%clk 0:01:10]} 47. Kg4
{[%clk 0:00:30]} Rb4 {[%clk 0:00:55]} 48. Rd5 {[%clk 0:00:17]} a4
{[%clk 0:00:33]} 49. Rd6+ {[%clk 0:00:21]} Kf7 {[%clk 0:00:41]} 50. Kf5
{[%clk 0:00:30]} a3 {[%clk 0:00:32]} 51. Rd7+ {[%clk 0:00:38]} Ke8
{[%clk 0:00:41]} 52. Ra7 {[%clk 0:00:47]} Rxc4 {[%clk 0:00:44]} 53. Rxa3
{[%clk 0:00:55]} Rc5+ {[%clk 0:00:48]} 54. e5 {[%clk 0:01:03]} b5
{[%clk 0:00:31]} 55. Ra7 {[%clk 0:01:10]} b4 {[%clk 0:00:36]} 56. Rb7
{[%clk 0:01:18]} Rc4 {[%clk 0:00:44]} 57. g4 {[%clk 0:01:23]} Kd8
{[%clk 0:00:49]} 58. g5 {[%clk 0:01:30]} Kc8 {[%clk 0:00:58]} 59. Rb5
{[%clk 0:01:39]} Kc7 {[%clk 0:01:03]} 60. g6 {[%clk 0:01:44]} 1-0

[Event "Turniej Przyjazni Polsko-Wegierskiej"]
[Site "Katowice"]
[Date "2018.05.05"]
[Round "4.20"]
[White "Swayams, Mishra"]
[Black "Klepek, Witold"]
[Result "1-0"]
[BlackElo "1962"]
[WhiteElo "2518"]
[LiveChessVersion "1.4.8"]

1. d4 {[%clk 0:15:16]} Nf6 {[%clk 0:15:19]} 2. Nf3 {[%clk 0:15:23]} d5
{[%clk 0:15:24]} 3. c4 {[%clk 0:15:21]} e6 {[%clk 0:15:32]} 4. Nc3
{[%clk 0:15:28]} c6 {[%clk 0:15:33]} 5. Bg5 {[%clk 0:15:25]} dxc4
{[%clk 0:15:41]} 6. e4 {[%clk 0:14:31]} b5 {[%clk 0:15:50]} 7. e5
{[%clk 0:14:39]} h6 {[%clk 0:15:59]} 8. Bh4 {[%clk 0:14:39]} g5 {[%clk 0:16:07]}
9. Bg3 {[%clk 0:14:48]} Nd5 {[%clk 0:15:55]} 10. Nd2 {[%clk 0:14:26]} Bb7
{[%clk 0:14:31]} 11. Be2 {[%clk 0:14:10]} Qc7 {[%clk 0:13:39]} 12. Nde4
{[%clk 0:13:31]} Nd7 {[%clk 0:13:11]} 13. a4 {[%clk 0:12:39]} b4 {[%clk 0:11:38]}
14. Nd6+ {[%clk 0:12:38]} Bxd6 {[%clk 0:11:40]} 15. exd6 {[%clk 0:12:46]} Qa5
{[%clk 0:11:40]} 16. Ne4 {[%clk 0:12:48]} O-O-O {[%clk 0:10:56]} 17. Nd2
{[%clk 0:12:22]} N5b6 {[%clk 0:09:05]} 18. Nxc4 {[%clk 0:11:19]} Nxc4
{[%clk 0:09:12]} 19. Bxc4 {[%clk 0:11:28]} f5 {[%clk 0:08:55]} 20. f4
{[%clk 0:11:02]} Rhe8 {[%clk 0:07:43]} 21. O-O {[%clk 0:10:51]} Nb6
{[%clk 0:07:18]} 22. Bb3 {[%clk 0:10:53]} g4 {[%clk 0:07:24]} 23. Re1
{[%clk 0:08:05]} Rxd6 {[%clk 0:06:57]} 24. Re5 {[%clk 0:08:14]} Nd5
{[%clk 0:07:05]} 25. Rc1 {[%clk 0:08:15]} Kb8 {[%clk 0:06:51]} 26. Qe1
{[%clk 0:07:36]} Qb6 {[%clk 0:04:42]} 27. Rc5 {[%clk 0:07:44]} Nf6
{[%clk 0:04:18]} 28. a5 {[%clk 0:07:52]} Qd8 {[%clk 0:04:10]} 29. Bf2
{[%clk 0:06:34]} Ne4 {[%clk 0:04:04]} 30. Rxe4 {[%clk 0:06:23]} fxe4
{[%clk 0:04:13]} 31. Qxe4 {[%clk 0:06:31]} Ba6 {[%clk 0:03:32]} 32. Qe1
{[%clk 0:06:16]} Ka8 {[%clk 0:03:09]} 33. Qxb4 {[%clk 0:06:22]} Qf6
{[%clk 0:02:54]} 34. Re5 {[%clk 0:06:03]} Rd7 {[%clk 0:02:11]} 35. Qc3
{[%clk 0:05:13]} Bb5 {[%clk 0:01:17]} 36. f5 {[%clk 0:05:14]} Rb8
{[%clk 0:00:53]} 37. Bxe6 {[%clk 0:04:58]} Rg7 {[%clk 0:00:36]} 38. Rxb5
{[%clk 0:04:52]} cxb5 {[%clk 0:00:39]} 39. Qc6+ {[%clk 0:04:53]} 1-0

[Event "Turniej Przyjazni Polsko-Wegierskiej"]
[Site "Katowice"]
[Date "2018.05.05"]
[Round "5.1"]
[White "Socko, Bartosz"]
[Black "Bartel, Michal"]
[Result "1-0"]
[BlackElo "2320"]
[WhiteElo "2630"]
[LiveChessVersion "1.4.8"]

1. d4 {[%clk 0:15:16]} d5 {[%clk 0:15:06]} 2. c4 e6 3. Nc3 {[%clk 0:15:33]} a6
{[%clk 0:15:24]} 4. cxd5 {[%clk 0:15:41]} exd5 {[%clk 0:15:34]} 5. g3
{[%clk 0:15:50]} Nf6 {[%clk 0:15:37]} 6. Bg2 {[%clk 0:15:58]} Be6
{[%clk 0:15:01]} 7. Qb3 {[%clk 0:15:59]} b5 {[%clk 0:14:27]} 8. Nf3
{[%clk 0:15:52]} h6 {[%clk 0:14:17]} 9. O-O {[%clk 0:15:45]} Nc6 {[%clk 0:13:39]}
10. Bf4 {[%clk 0:15:40]} g5 {[%clk 0:12:29]} 11. Be5 {[%clk 0:15:40]} Bg7
{[%clk 0:11:30]} 12. Rac1 {[%clk 0:15:29]} O-O {[%clk 0:11:31]} 13. Rfd1
{[%clk 0:14:46]} Qd7 {[%clk 0:11:11]} 14. h4 {[%clk 0:14:44]} Na5
{[%clk 0:11:07]} 15. Qb4 {[%clk 0:14:06]} Nc4 {[%clk 0:10:42]} 16. hxg5
{[%clk 0:13:49]} hxg5 {[%clk 0:10:36]} 17. Nxg5 {[%clk 0:13:44]} c5
{[%clk 0:09:53]} 18. Qb3 {[%clk 0:12:56]} Bf5 {[%clk 0:06:17]} 19. Nxd5
{[%clk 0:12:02]} Nxd5 {[%clk 0:06:10]} 20. Bxg7 {[%clk 0:12:08]} Kxg7
{[%clk 0:06:12]} 21. dxc5 {[%clk 0:11:39]} Qe7 {[%clk 0:06:12]} 22. Rxd5
{[%clk 0:11:22]} Qxg5 {[%clk 0:06:20]} 23. Qc3+ {[%clk 0:11:29]} Qf6
{[%clk 0:06:16]} 24. Rxf5 {[%clk 0:11:34]} Qxc3 {[%clk 0:06:18]} 25. Rxc3
{[%clk 0:11:17]} Rad8 {[%clk 0:06:26]} 26. Bd5 {[%clk 0:10:55]} Nxb2
{[%clk 0:06:18]} 27. Bb3 {[%clk 0:09:50]} a5 {[%clk 0:04:42]} 28. Rc2
{[%clk 0:08:31]} Rd1+ {[%clk 0:04:40]} 29. Kg2 {[%clk 0:08:39]} Rb1
{[%clk 0:04:49]} 30. c6 {[%clk 0:08:35]} a4 {[%clk 0:04:56]} 31. Rxf7+
{[%clk 0:08:24]} Rxf7 {[%clk 0:04:53]} 32. Bxf7 {[%clk 0:08:32]} Nc4
{[%clk 0:04:31]} 33. Bxc4 {[%clk 0:08:38]} bxc4 {[%clk 0:04:40]} 34. c7
{[%clk 0:08:46]} 1-0